[Event "IECC M email"]
[Site "IECC email"]
[Date "1998.01.29"]
[Round "?"]
[White "Robertson, Michael"]
[Black "Wesselkamper, James"]
[Result "0-1"]
[WhiteElo "1163"]
[BlackElo "1360"]
[PlyCount "32"]
[EventDate "1998.??.??"]
[EventType "tourn (corr)"]
[EventRounds "12"]
[SourceTitle "Corr 2008"]
[Source "ChessBase"]
[SourceDate "2008.06.24"]
[SourceVersion "1"]
[SourceVersionDate "2008.06.24"]
[SourceQuality "1"]

1. d4 Nf6 2. c4 c5 3. d5 b5 4. Nf3 bxc4 5. Nc3 g6 6. e4 d6 7. Bxc4 Nbd7 8. Be3 Ng4 9. Qd2 Nde5 10. b3 Bg7 11. Nxe5 Nxe5 12. 0-0 Nxc4 13. bxc4 Ba6 14. Qd3 Qa5 15. Rfc1 Qb4 16. Nb5 Bxb5 0-1

[Event "IECC M email"]
[Site "IECC email"]
[Date "1998.01.29"]
[Round "?"]
[White "Wesselkamper, James"]
[Black "Robertson, Michael"]
[Result "1-0"]
[WhiteElo "1360"]
[BlackElo "1163"]
[PlyCount "29"]
[EventDate "1998.??.??"]
[EventType "tourn (corr)"]
[EventRounds "12"]
[SourceTitle "Corr 2008"]
[Source "ChessBase"]
[SourceDate "2008.06.24"]
[SourceVersion "1"]
[SourceVersionDate "2008.06.24"]
[SourceQuality "1"]

1. e4 c5 2. Nf3 Nc6 3. d4 cxd4 4. Nxd4 g6 5. Nc3 Bg7 6. Be3 d6 7. Qd2 Nf6 8. Bb5 Bd7 9. Nxc6 bxc6 10. Be2 0-0 11. 0-0-0 Rb8 12. e5 dxe5 13. Bg5 Bg4 14. Bxg4 Nxg4 15. Qxd8 1-0